| 000 | 01037cam a2200313 a 4500 | ||
|---|---|---|---|
| 001 | 16397789 | ||
| 003 | OSt | ||
| 005 | 20151119105444.0 | ||
| 008 | 100812s2012 maua b 001 0 eng | ||
| 010 | _a 2010030933 | ||
| 020 | _a9780321749000 | ||
| 020 | _a0321749006 | ||
| 035 | _a(OCoLC)ocn656158733 | ||
| 040 |
_aDLC _cDLC _dYDX _dYDXCP _dBWX _dDLC |
||
| 050 | 0 | 0 |
_aQA303.2 _b.L53 2012 |
| 082 | 0 | 0 |
_a515 _222 |
| 100 | 1 | _aLial, Margaret L. | |
| 245 | 1 | 0 | _aCalculus with applications. |
| 250 |
_a10th ed. / _bMargaret L. Lial, Raymond N. Greenwell, Nathan P. Ritchey. |
||
| 260 |
_aBoston : _bPearson, _cc2012. |
||
| 300 |
_axxiii, 706, [70] p. : _bill. (chiefly col.) ; _c29 cm. |
||
| 504 | _aIncludes bibliographical references and index. | ||
| 650 | 0 |
_aCalculus _vTextbooks. |
|
| 700 | 1 | _aGreenwell, Raymond N. | |
| 700 | 1 | _aRitchey, Nathan P. | |
| 906 |
_a7 _bcbc _corignew _d1 _eecip _f20 _gy-gencatlg |
||
| 942 |
_2lcc _cBK |
||
| 999 |
_c251407 _d251407 |
||